Cuentajuegos : (Registro nro. 12807)

Detalles MARC
000 -LIDER
fixed length control field 00776nam a22002417a 4500
003 - IDENTIFICACDOR DE NÚMERO DE CONTROL
control field DO-SdBPM
005 - DATE AND TIME OF LATEST TRANSACTION
control field 20250122101127.0
008 - ELEMENTOS DE LONGITUD FIJA
fixed length control field 171108b2015 dr a 00| 0 spa d
040 ## - FUENTE DE CATALOGACIÓN
Agencia que crea de manera original el registro DO-SdBPM
Idioma de catalogación spa
Agencia que realiza la transcripción BPMSU
082 #4 - NÚMERO DE CLASIFICACIÓN DECIMAL DE DEWEY
Classification number 372.42
Item number M534c 2015
Edition number 22
100 1# - ASIENTO PRINCIPAL -- NOMBRE PERSONAL
Nombre personal Mena, Carmen
245 10 - MENCIÓN DE TITULO
Título Cuentajuegos :
Subtítulo una experiencia donde las palabras cobran vida /
Mención de responsabilidad Carmen Mena, Isabel Vargas
260 ## - PUBLICACIÓN, DISTRIBUCIÓN, ETC. (PIE DE IMPRENTA)
Lugar de publicación, distribución, etc Santo Domingo :
Nombre del editor, distribuidor, etc. INTEC,
Fecha de publicación, distribución, etc 2015.
300 ## - DESCRIPCIÓN FÍSICA
Extensión 36 p. :
Otros detalles físicos il. ;
Dimensiones 22 cm.
504 ## - NOTA DE BIBLIOGRAFÍA, ETC.
Bibliography, etc Bibliografía : p. 35-36
590 ## - NOTA LOCAL
Texto de la nota local Inventariado, 2025/VM
650 #4 - ENCABEZAMIENTO DE MATERIA--TEMÁTICO
Término temático o nombre geográfico como elemento de entrada Actividades de promoción de lectura
650 #4 - ENCABEZAMIENTO DE MATERIA--TEMÁTICO
Término temático o nombre geográfico como elemento de entrada Libros y lectura para niños
650 #4 - ENCABEZAMIENTO DE MATERIA--TEMÁTICO
Término temático o nombre geográfico como elemento de entrada Cuentos
Subdivisión temática general Enseñanza
700 1# - ASIENTO SECUNDARIO -- NOMBRE PERSONAL
Nombre personal Vargas, Isabel
Mención de responsabilidad autor
910 ## - VALIDACIÓN
Validación VMateo V. Control de calidad. BPMSU
942 ## - ADDED ENTRY ELEMENTS (KOHA)
Source of classification or shelving scheme Dewey Decimal Classification
Koha item type Libros
Existencias
Withdrawn status Lost status Source of classification or shelving scheme Damaged status Not for loan Collection code Home library Current library Date acquired Source of acquisition Total Checkouts Full call number Barcode Date last seen Price effective from Koha item type Copy number
    Dewey Decimal Classification     Colección Infantil Dominicana Biblioteca Pública Metropolitana Salomé Ureña Biblioteca Pública Metropolitana Salomé Ureña 11/08/2017 Deposito legal   BPMSU CDI 372.42 M534c 2015 BPMSU17110097 11/08/2017 11/08/2017 Libros  
    Dewey Decimal Classification     Colección Infantil Dominicana Biblioteca Pública Metropolitana Salomé Ureña Biblioteca Pública Metropolitana Salomé Ureña 02/19/2018 Deposito legal   BPMSU CDI 372.42 M534c 2015 BPMSU18020170 02/19/2018 02/19/2018 Libros e.2
    Dewey Decimal Classification     Colección Infantil Dominicana Biblioteca Pública Metropolitana Salomé Ureña Biblioteca Pública Metropolitana Salomé Ureña 02/19/2018 Deposito legal   BPMSU CDI 372.42 M534c 2015 BPMSU25010018 01/22/2025 02/19/2018 Libros e.3